<?xml version="1.0" encoding="UTF-8"?>
<collection xmlns="http://www.loc.gov/MARC21/slim">
 <record>
  <leader>00513pamaa2200157   4500</leader>
  <controlfield tag="001">0000035563</controlfield>
  <controlfield tag="005">20060616090000.0</controlfield>
  <datafield tag="020" ind1="0" ind2="0">
   <subfield code="a">0470849223 </subfield>
  </datafield>
  <datafield tag="082" ind1=" " ind2=" ">
   <subfield code="a">658.3 MOR</subfield>
  </datafield>
  <datafield tag="090" ind1="0" ind2="0">
   <subfield code="a">LB1044.87 </subfield>
   <subfield code="b">MOR 2003</subfield>
  </datafield>
  <datafield tag="100" ind1="1" ind2="0">
   <subfield code="a">MORRISON </subfield>
  </datafield>
  <datafield tag="245" ind1="1" ind2="0">
   <subfield code="a">E-learning strategies : </subfield>
   <subfield code="b">how to get implementation and delivery right first time  </subfield>
   <subfield code="c">Don Morrison.</subfield>
  </datafield>
  <datafield tag="260" ind1="0" ind2="0">
   <subfield code="a">Chichester: </subfield>
   <subfield code="b">John Wiley, </subfield>
   <subfield code="c">2003.</subfield>
  </datafield>
  <datafield tag="300" ind1=" " ind2=" ">
   <subfield code="a">xv, 409p.; </subfield>
   <subfield code="c">26cm.</subfield>
  </datafield>
  <datafield tag="650" ind1="0" ind2="0">
   <subfield code="a">Internet in education </subfield>
  </datafield>
  <datafield tag="650" ind1="0" ind2="0">
   <subfield code="a">Employees -- </subfield>
   <subfield code="x">Training of -- </subfield>
   <subfield code="y">Computer-assisted instruction </subfield>
  </datafield>
 </record>
</collection>
